000 00717nam a2200229 i 4500
001 178132
003 ES-MaACL
005 20230906220502.0
007 t|
008 110519s1965 sp r ||||1| spa d
080 _a27-532.2
100 1 _aDíaz Castañeda, Jaime de Jesús.
_9146611
245 1 3 _aEl amén de la misa
_b: su valor catequístico y pastoral /
_cJaime de Jesús Díaz Castañeda.
260 _aBarcelona :
_bHerder,
_c1965.
300 _a107 p. ;
_c18 cm.
490 1 _aPequeña biblioteca Herder ;
_v60
504 _aBibliografía: p. 8.
650 0 4 _aMisa.
_915074
830 0 _aPequeña biblioteca Herder ;
_v60
_9190720
852 _aES-MaACL
_jE-15156
_xOlim P-274
999 _c178132
_d178132